书目信息 |
| 题名: |
EViews在数据分析中的应用
|
|
| 作者: | 何晓琦 编著 | |
| 分册: | ||
| 出版信息: | 北京 清华大学出版社 2024.07 |
|
| 页数: | 10,294页 | |
| 开本: | 26cm | |
| 丛书名: | ||
| 单 册: | ||
| 中图分类: | F224.0-39 | |
| 科图分类: | ||
| 主题词: | 计量经济学--应用软件 | |
| 电子资源: | ||
| ISBN: | 978-7-302-66552-6 | |
| 000 | 00873nam0 2200241 450 | |
| 001 | 013051743 | |
| 005 | 20251022172019.84 | |
| 010 | @a978-7-302-66552-6@dCNY79.80 | |
| 100 | @a20240801d2024 em y0chiy0120 ea | |
| 101 | 0 | @achi |
| 102 | @aCN@b110000 | |
| 105 | @ay z 000yy | |
| 106 | @ar | |
| 200 | 1 | @aEViews在数据分析中的应用@9EViews zai shu ju fen xi zhong de ying yong@f何晓琦编著 |
| 210 | @a北京@c清华大学出版社@d2024.07 | |
| 215 | @a10,294页@d26cm | |
| 330 | @a本书分为EViews数据分析基础、EViews经典线性回归模型、EViews时间序列模型、EViews的其他模型四篇,涵盖EViews概述、EViews基本数据分析、EViews数据图形化分析、经典的回归模型、时间序列模型与预测等内容。 | |
| 606 | 0 | @a计量经济学@x应用软件 |
| 610 | 0 | @aEViews |
| 690 | @aF224.0-39@v5 | |
| 701 | 0 | @a何晓琦@9he xiao qi@4编著 |
| 801 | 0 | @aCN@c20250909 |
| 905 | @a河南城建学院图书馆@dF224.0@eH215@ZH215@f1 | |
| EViews在数据分析中的应用/何晓琦编著.-北京:清华大学出版社,2024.07 |
| 10,294页;26cm |
| ISBN 978-7-302-66552-6:CNY79.80 |
| 本书分为EViews数据分析基础、EViews经典线性回归模型、EViews时间序列模型、EViews的其他模型四篇,涵盖EViews概述、EViews基本数据分析、EViews数据图形化分析、经典的回归模型、时间序列模型与预测等内容。 |
| ● |
| 相关链接 |
|
|
|
正题名:EViews在数据分析中的应用
索取号:F224.0/H215
 
预约/预借
| 序号 | 登录号 | 条形码 | 馆藏地/架位号 | 状态 | 备注 |
| 1 | 1633227 | 216332270 | 社科库409/409社科库 72排4列2层/ [索取号:F224.0/H215] | 在馆 |